U.S. States by Acreage of farmland - Statistics

General Stats
  • This quiz has been taken 51 times
  • The average score is 18 of 20
Answer Stats
Rank Acreagre State % Correct
1. 29,215,000 acres Texas
100%
16. 9,577,000 acres California
98%
2. 28,592,000 acres Kansas
98%
12. 11,290,000 acres Oklahoma
98%
4. 26,714,000 acres Iowa
95%
18. 7,766,000 acres Michigan
95%
3. 27,120,000 acres North Dakota
95%
8. 19,356,000 acres South Dakota
95%
5. 23,934,000 acres Illinois
93%
9. 16,605,000 acres Montana
93%
14. 10,668,000 acres Colorado
91%
10. 15,627,000 acres Missouri
91%
7. 21,857,000 acres Nebraska
91%
13. 10,829,000 acres Ohio
91%
6. 22,452,000 acres Minnesota
89%
11. 12,710,000 acres Indiana
86%
19. 7,539,000 acres Washington
86%
20. 6,369,000 acres Kentucky
84%
17. 8,235,000 acres Arkansas
82%
15. 10,071,000 acres Wisconsin
80%
No matching quizzes found
Score Distribution
Percent of People with Each Score
Percentile by Number Answered
Your Score History
You have not taken this quiz